| 000 | 00480nam a2200169Ia 4500 | ||
|---|---|---|---|
| 999 |
_c27050 _d27050 |
||
| 003 | OSt | ||
| 005 | 20201216104035.0 | ||
| 008 | 190216s9999||||xx |||||||||||||| ||und|| | ||
| 040 | _coclc | ||
| 082 |
_a894.8121 _bKUR/M |
||
| 100 |
_aKurup, O N V _97466 |
||
| 245 | 0 |
_aMayippeeli / _c O N V Kurup |
|
| 260 |
_bCurrent Books, _c1993. _auniversity of calicut: |
||
| 300 | _a128p | ||
| 650 | _aKavithkal | ||
| 942 |
_cBK _2ddc _h894.8121 _iKUR/M _k894.8121 _mKUR/M |
||